000 00647nam a2200193 a 4500
001 000035902
005 20200930074715.0
008 111115s1955 mx 000 0 spa d
040 _aDO-SdBNP
_bspa
_cBNPHU
100 1 _aCassirer, Ernst
_961902
245 4 _aLas ciencias de la cultura /
_cErnst Cassirer.
250 _a2a ed.
260 _aMéxico :
_bFondo de Cultura Economica,
_c1955.
300 _a191 p. ;
_c18 cm.
490 1 _aBreviario. Fondo de Cultura Economica,
_v40
590 _aPerteneció a la biblioteca personal de Juan Isidro Jimenes Grullón.
830 0 _aBreviario. Fondo de Cultura Economica,
_v40
_961903
049 _aBNPD
999 _c35393
_d35393